Manual per a gestors de mobilitat
Publicado:
Barcelona :
Diputació de Barcelona : Generalitat de Catalunya. Departament de Medi Ambient i Habitatge ,
2007
Descripción Física:
87 p. : gràf., quadres ; 30 cm
MARC
| LEADER | 00000nam a2200000Ia 4500 | ||
|---|---|---|---|
| 001 | 19914 | ||
| 003 | BGR | ||
| 005 | 20260324180112.0 | ||
| 008 | 160829s2007 xx 000 0 cat d | ||
| 080 | |a C-3-66 | ||
| 245 | |a Manual per a gestors de mobilitat | ||
| 260 | |a Barcelona : |b Diputació de Barcelona : |b Generalitat de Catalunya. Departament de Medi Ambient i Habitatge, |c 2007 | ||
| 300 | |a 87 p. : |b gràf., quadres ; |c 30 cm | ||
| 590 | |a A la coberta: La mobilitat sostenible en polígons industrials i centres de treball. | ||
| 590 | |a La guia s'emmarca en el projecte Gesmopoli | ||
| 650 | |a Mobilitat laboral |x Catalunya |x Manuals, guies, etc. |9 46395 | ||
| 710 | 1 | |a Barcelona (Catalunya : Província). |b Diputació |9 52408 | |
| 710 | 2 | |a Gesmopoli (Projecte) |9 70997 | |
| 710 | 1 | |a Catalunya. |b Generalitat |b Departament de Medi Ambient i Habitatge |9 12125 | |
| 901 | |a Arxiu | ||
| 942 | |n 1 |2 udc |c MON | ||
| 952 | |0 0 |1 0 |4 0 |6 C366 |7 1 |9 53185 |a Arxiu |b Arxiu |d 2016-12-01 |l 0 |o C-3-66 |p 19914 |r 2016-12-01 00:00:00 |w 2016-12-01 |y ARXIU | ||
| 999 | |c 57034 |d 57034 | ||